000 00243nam a2200097Ia 4500
001 687335
005 20250826161554.0
008 250824s9999 xx 000 0 und d
245 0 _aSATILAN GÜLÜŞ
_cJAMES KRÜSS
260 _bGÜNIŞIĞI YAYINLARI
999 _c687335
_d687335